000 00289nam a22001217a 4500
082 _a425
_bVAS/E
100 _aR.N.VASHISTA, R.K.GUPTA
245 _aENGLISH CORE
_bCLASS XI
260 _aDELHI
_bLAXMI PUBLICATIONS
_c2009
300 _a427
650 _aENGLISH FOR CLASS XI
_zINDIA
942 _cBK
999 _c487
_d487